'U' and 'V' TV Shows by Picture Quiz Stats

 Plays Quiz Updated Jan 4, 2017

Challenge
Share
Tweet
Score 0/16 Timer 05:00
1 Play Today
Location Show % Correct
Ugly Betty
94.4%
The View
84.4%
The Voice
84.4%
Veronica Mars
73.4%
The Vampire Diaries
62.5%
Veep
58.4%
Undercover Boss
40.4%
Veronica's Closet
37.5%
Location Show % Correct
Unsolved Mysteries
37.1%
Under the Dome
26.6%
The Unit
25.2%
Voltron
24.9%
Up All Night
23.1%
The Venture Bros
22.4%
Viva la Bam
19.3%
Undercovers
6.4%

You're not logged in!

Compare scores with friends on all Sporcle quizzes.
OR
Log In

You Might Also Like...

Show Comments

Extras

Top Quizzes Today


Score Distribution

Your Account Isn't Verified!

In order to create a playlist on Sporcle, you need to verify the email address you used during registration. Go to your Sporcle Settings to finish the process.

Report this User

Report this user for behavior that violates our Community Guidelines.

Details: